1249 1029 1663 1886 1927 1575 1552 1218 1006 1903 1776 1481 1978 1564 1897 1232 1575 1618 1795 1396 1463 1431 1876 1824 1163 1757 1304 1125 1969 1782 1601 1011 1275 1413 1133 1792 1780 1611 1872 1536 1160 1975 1531 1748 1789 1365 1543 1564 1006 1888 1787 1736 1902 1221 1781 1808 1050 1407 1883 1081 1684 1060 1823 1043 1602 1970 1610 1956 1052 1284 1936 1776 1876 1567 1337 1430 1094 1247 1114 1747 1222 1106 1422 1344 1239 1308 1721 1160 1266 1356 1375 1625 1276 1386 1164 1108 1850 1219 1276 BCNSPRNW ULIB Ver.6.0+V

เปลี่ยนเป็นภาษาไทย

Change to English
 แสดงรายละเอียดบรรณานุกรม
  กลับหน้าหลัก

Brief Record : Get Marc (ISO 2709) : E-mail record : QR code < ปิดหน้าต่าง
LEADER : 00000nam 2200000uu 4500
001    13399122134
003     ULIB
008    130103s2555||||th 000 0 tha d
020    ^a9786169017363
060  4 ^aWY157.3^bK181ก
100    ^aKarla L. Luxner,RNC,ND.^eเขียน
110    ^aกระทรวงสาธารณสุข.^bสถาบันพระบรมราชชนก.^bวิทยาลัยพยาบาลบรมราชชนนี กรุงเทพ.
245    ^aการวางแผนการพยาบาลมารดาและทารก =^bDelmar s Maternal-Infant : Nursing Care Plans./^cKarla L. Luxner,RNC,ND
246 31 ^aDelmar s Maternal-Infant : Nursing Care Plans.
250    ^aพิมพ์ครั้งที่ 1
260    ^aกรุงเทพฯ :^bวิทยาลัยพยาบาลบรมราชชนนี กรุงเทพ.,^c2555
300    ^a347 หน้า
650    ^aการวางแผนการพยาบาล^xมารดาและทารก
650    ^aการพยาบาล^xมารดาและทารก
700    ^aคณาจารย์วิทยาลัยพยาบาลบรมราชชนนี กรุงเทพ.^eแปล
856    ^a^zBinder1.pdf (Content)^uhttp://113.53.232.221:80/UlibM//_fulltext/5/13399121311/20121115101755_1753.pdf
945    ^p395^l0^i19563
945    ^p395^l0^i19564
945    ^p395^l0^i19565
945    ^p395^l0^i19566
945    ^p395^l0^i19567
945    ^p395^l0^i20187
999    ^aกัณชพร
รายการนี้ยังไม่มีแท็ก
คุณยังไม่ได้ล็อกอิน คุณสามารถมีกิจกรรมร่วมกับเว็บไซต์ได้ แต่ต้องล็อกอินก่อน ::
  ล็อกอิน

รายการสื่อสารสนเทศ

ลำดับที่ ประเภท เลขเรียก/บาร์โค้ด สถานที่ สถานะ
1. Book การพยาบาล
Book การพยาบาล
WY157.3 K181ก ฉ.1 
  Barcode: 19563
ห้องสมุดวิทยาเขตนครสวรรค์
►หนังสือทั่วไป:l:General Books
บนชั้น
2. Book การพยาบาล
Book การพยาบาล
สถานะ=หนังสือเก่า
WY157.3 K181ก ฉ.2 
  Barcode: 19564
ห้องสมุดวิทยาเขตนครสวรรค์
►ส่วนจัดเก็บหนังสือเก่า นว.
บนชั้น
  ขอยืม
3. Book การพยาบาล
Book การพยาบาล
สถานะ=หนังสือเก่า
WY157.3 K181ก ฉ.3 
  Barcode: 19565
ห้องสมุดวิทยาเขตนครสวรรค์
►ส่วนจัดเก็บหนังสือเก่า นว.
บนชั้น
  ขอยืม
4. Book การพยาบาล
Book การพยาบาล
สถานะ=หนังสือเก่า
WY157.3 K181ก ฉ.4 
  Barcode: 19566
ห้องสมุดวิทยาเขตนครสวรรค์
►ส่วนจัดเก็บหนังสือเก่า นว.
บนชั้น
  ขอยืม
5. Book การพยาบาล
Book การพยาบาล
สถานะ=หนังสือเก่า
WY157.3 K181ก ฉ.5 
  Barcode: 19567
ห้องสมุดวิทยาเขตนครสวรรค์
►ส่วนจัดเก็บหนังสือเก่า นว.
บนชั้น
  ขอยืม
6. Book การพยาบาล
Book การพยาบาล
สถานะ=หนังสือเก่า
WY157.3 K181ก ฉ.6 
  Barcode: 20187
ห้องสมุดวิทยาเขตนครสวรรค์
►ส่วนจัดเก็บหนังสือเก่า นว.
บนชั้น
  ขอยืม

BibComment


ยังไม่เคยถูกคอมเมนท์

คอมเมนท์ทรัพยากรรายการนี้
  คอมเมนท์: การวางแผนการพยาบ..


 Copyright 2026. Bcnsprnw @Library